<?xml version="1.0" encoding="UTF-8"?>
<record
    xmlns:xsi="http://www.w3.org/2001/XMLSchema-instance"
    xsi:schemaLocation="http://www.loc.gov/MARC21/slim http://www.loc.gov/standards/marcxml/schema/MARC21slim.xsd"
    xmlns="http://www.loc.gov/MARC21/slim">

  <leader>00891na  a2200253   4500</leader>
  <controlfield tag="001">13320</controlfield>
  <controlfield tag="003">MIRAKIL</controlfield>
  <controlfield tag="005">20181213155128.0</controlfield>
  <controlfield tag="008">161024b        tu            000 0      </controlfield>
  <datafield tag="035" ind1=" " ind2=" ">
    <subfield code="a">13320</subfield>
  </datafield>
  <datafield tag="040" ind1=" " ind2=" ">
    <subfield code="a">Milas</subfield>
    <subfield code="b">tur</subfield>
    <subfield code="c">TR-AnCHP</subfield>
  </datafield>
  <datafield tag="041" ind1=" " ind2=" ">
    <subfield code="a">tur</subfield>
  </datafield>
  <datafield tag="082" ind1=" " ind2=" ">
    <subfield code="a">303.409561</subfield>
    <subfield code="b">T96t 1996</subfield>
  </datafield>
  <datafield tag="090" ind1=" " ind2=" ">
    <subfield code="a">303.409561 T96t 1997</subfield>
  </datafield>
  <datafield tag="111" ind1=" " ind2=" ">
    <subfield code="a">T&#xFC;rkiye'yi Yeniden D&#xFC;&#x15F;&#xFC;nmek</subfield>
    <subfield code="c">Ankara</subfield>
    <subfield code="d">1996</subfield>
  </datafield>
  <datafield tag="245" ind1=" " ind2=" ">
    <subfield code="a">T&#xFC;rkiye g&#xF6;n&#xFC;ll&#xFC; k&#xFC;lt&#xFC;r te&#x15F;ekk&#xFC;lleri 6. &#x130;sti&#x15F;are Toplant&#x131;s&#x131;</subfield>
    <subfield code="b">T&#xFC;rkiye'yi Yeniden D&#xFC;&#x15F;&#xFC;nmek Sempozyumu, 22- 23 Haziran 1996, Ankara</subfield>
    <subfield code="c">yay&#x131;na haz&#x131;rlayan Ayd&#x131;n &#xDC;nal</subfield>
  </datafield>
  <datafield tag="260" ind1=" " ind2=" ">
    <subfield code="a">Ankara</subfield>
    <subfield code="b">Hak-&#x130;&#x15F;</subfield>
    <subfield code="c">1997</subfield>
  </datafield>
  <datafield tag="300" ind1=" " ind2=" ">
    <subfield code="a">335 s.</subfield>
    <subfield code="c">21 sm.</subfield>
  </datafield>
  <datafield tag="490" ind1=" " ind2=" ">
    <subfield code="a">HAK-&#x130;&#x15E; E&#x11F;itim yay&#x131;nlar&#x131;</subfield>
    <subfield code="v">34</subfield>
  </datafield>
  <datafield tag="650" ind1=" " ind2=" ">
    <subfield code="a">Toplumsal de&#x11F;i&#x15F;im </subfield>
    <subfield code="x">T&#xFC;rkiye</subfield>
    <subfield code="y">Toplant&#x131;lar</subfield>
  </datafield>
  <datafield tag="650" ind1=" " ind2=" ">
    <subfield code="a">Sivil toplum kurulu&#x15F;lar&#x131; (STK)</subfield>
    <subfield code="x">T&#xFC;rkiye</subfield>
    <subfield code="y">Toplant&#x131;lar</subfield>
  </datafield>
  <datafield tag="700" ind1=" " ind2=" ">
    <subfield code="a">&#xDC;nal, Ayd&#x131;n</subfield>
  </datafield>
  <datafield tag="942" ind1=" " ind2=" ">
    <subfield code="2">dcc</subfield>
    <subfield code="c">BKS</subfield>
  </datafield>
  <datafield tag="952" ind1=" " ind2=" ">
    <subfield code="a">0001</subfield>
    <subfield code="b">0001</subfield>
    <subfield code="d">2016-08-12</subfield>
    <subfield code="e">2</subfield>
    <subfield code="h">c.2</subfield>
    <subfield code="l">0</subfield>
    <subfield code="o">303.409561 T96t 1997</subfield>
    <subfield code="p">000883</subfield>
    <subfield code="r">2016-08-12 00:00:00</subfield>
    <subfield code="v">0.00</subfield>
    <subfield code="w">2016-08-12</subfield>
    <subfield code="y">BKS</subfield>
  </datafield>
  <datafield tag="952" ind1=" " ind2=" ">
    <subfield code="a">0001</subfield>
    <subfield code="b">0001</subfield>
    <subfield code="d">2016-08-19</subfield>
    <subfield code="e">2</subfield>
    <subfield code="l">0</subfield>
    <subfield code="o">303.409561 T96t 1997</subfield>
    <subfield code="p">001580</subfield>
    <subfield code="r">2016-08-19 00:00:00</subfield>
    <subfield code="v">0.00</subfield>
    <subfield code="w">2016-08-19</subfield>
    <subfield code="y">BKS</subfield>
  </datafield>
  <datafield tag="999" ind1=" " ind2=" ">
    <subfield code="c">7118</subfield>
    <subfield code="d">7118</subfield>
  </datafield>
</record>
